Arithmetic: (Record no. 324549)

MARC details
000 -LEADER
fixed length control field 00428nam a2200157Ia 4500
008 - FIXED-LENGTH DATA ELEMENTS--GENERAL INFORMATION
fixed length control field 230718s9999 xx 000 0 und d
041 ## - LANGUAGE CODE
Language code of text/sound track or separate title eng
082 ## - DEWEY DECIMAL CLASSIFICATION NUMBER
Classification number 513
Item number AGG
100 ## - MAIN ENTRY--PERSONAL NAME
Personal name Aggarwal R.S.
245 ## - TITLE STATEMENT
Title Arithmetic:
Remainder of title Subjective And Objective
260 ## - PUBLICATION, DISTRIBUTION, ETC. (IMPRINT)
Date of publication, distribution, etc. 2010
Name of publisher, distributor, etc. S. Chand & Company Ltd.
300 ## - PHYSICAL DESCRIPTION
Extent 549
365 ## - TRADE PRICE
Currency code Rs.
Price amount 260.00
700 ## - ADDED ENTRY--PERSONAL NAME
Personal name Aggarwal R.S.
906 ## - LOCAL DATA ELEMENT F, LDF (RLIN)
d O:0073612-Mar-2010B:293910-Mar-2010
c ALLEDS
b 195
Holdings
Withdrawn status Lost status Damaged status Not for loan Home library Current library Date acquired Vendor Budget Code Cost, normal purchase price Bill number Total Checkouts Full call number Barcode Date last seen Discount Cost, replacement price Bill Date Koha item type Original Barcode
        Cummins College of Engineering for Women Pune Cummins College of Engineering for Women Pune 12/03/2010 Om Book Stall ALLEDS 221.00 2939   513 CCEP-BK-35756 18/07/2023 195 260.00 10/03/2010 Books 035756